000
00301nam a22001337a 4500
008
181102b xxu||||| |||| 00| 0 eng d
020
_a
9780830412686
041
_a
eng
080
_a
370
100
_a
49
101
_a
EDU
245
_a
Undestanding General Practice
_c
Karen.K.K
942
_2
udc
_c
BK
999
_c
51751
_d
51751